000 01005nam a2200301 i 4500
001 000012994
003 DO-SdBNP
005 20260413100650.0
007 ta
008 091119s1992 dr 000 f spa d
040 _aDO-SdBNP
_bspa
_cBNPHU
_erda
041 _aspa
082 4 _aRD863.44
_bR789r
_222
100 _aRosario, Aníbal J.,
_eautor
_4aut.
_929965
245 1 3 _aEl retorno del Quijote /
_cAníbal J. Rosario ; prólogo, Odón Betanzos Palacios.
264 1 _aSanto Domingo :
_bEditora Taller,
_c1992.
300 _a552 páginas ;
_c21 cm.
336 _atexto
_btxt
_2rdacontent
337 _asin mediación
_bn
_2rdamedia
338 _avolumen
_bnc
_2rdacarrier
500 _aIncluye datos bibliográficos del autor en la contracubierta.
590 _aInventariado, 2019/VM
650 4 _aNovela dominicana
_9223
650 4 _aLiteratura dominicana.
_967
700 1 2 _aBetanzos Palacios, Odón,
_eprologuista
_4pr.
_99997
910 _aValidado. Control de calidad MFF
942 _2ddc
_cLBS1
999 _c12641
_d12641